000 00468nam a2200145 i 4500
001 37650
003 ES-MaACL
007 t|
008 030221s1924 pe ||||1| spa d
100 1 _aCáceres, Esteban M.
_933339
245 1 0 _aEspaña en el Perú
_b: homenaje al centenario de la Batalla de Ayacucho /
_cobra nacional original de Esteban M. cáceres.
260 _aLima :
_bLa Opinión Nacional,
_c1924.
300 _a226 p. ;
_c25 cm.
852 _aES-MaACL
_jB-5273
999 _c37650
_d37650